000 00798nam a22002297a 4500
999 _c64090
_d64090
005 20240530110714.0
008 180213s2016 ua a g 000 0 ara d
017 _a2014/23497
_bمصر. دار الكتب
020 _a9789772122194
040 _aEG-CaGPL
_cEG-CaGPL
082 0 4 _221
_a332.673/
_bص ع
100 0 _aصلاح عباس
245 1 2 _aالعولمة المالية والنقدية /
_cصلاح عباس .
250 _aط. 1
260 _aالقاهرة :
_bمؤسسة شباب الجامعة ،
_c2016.
300 _a207 ص. ؛
_c24 سم.
650 0 7 _2qrmak
_aالاستثمارات الاجنبية
650 0 7 _2qrmak
_aالرقابة المالية
651 0 7 _2qrmak
_aالدول النامية
942 _2ddc
_cBK